| 000 | 01545cam a2200385 a 4500 | ||
|---|---|---|---|
| 001 | 5924 | ||
| 003 | FISKH | ||
| 005 | 20250207111740.0 | ||
| 008 | 070503s2007 nyu j 000 1 eng | ||
| 010 | _a 2007013310 | ||
| 020 | _a9781423104025 | ||
| 020 | _a1423104021 | ||
| 020 | _a9780545097871 | ||
| 040 |
_aDLC _cDLC _dDLC _beng |
||
| 042 | _alcac | ||
| 043 | _aa-br--- | ||
| 050 | _aPZ7.S657655 E | ||
| 082 | _a813.54 | ||
| 100 | 1 |
_aSmith, Roland _d(1951-) |
|
| 245 | 1 | 0 |
_aElephant run / _cRoland Smith. |
| 250 | _aThis edition first published in 2008 | ||
| 260 |
_aNew York : _bScholastic, _c2007. |
||
| 300 |
_a318 pages : _c20 cm. |
||
| 505 | _aR | ||
| 520 | _aNick endures servitude, beatings, and more after his British father's plantation in Burma is invaded by the Japanese in 1941, and when his father and others are taken prisoner and Nick is stranded with his friend Mya, they plan a daring escape on elephants, risking their lives to save Nick's father and Mya's brother from a Japanese prisoner of war camp. | ||
| 521 | 8 |
_a750
_bLexile |
|
| 521 | 8 |
_aR
_bRaz-Plus |
|
| 650 | 0 |
_aWorld War, 1939-1945 _zBurma _vJuvenile fiction. |
|
| 650 | 0 |
_aAsiatic elephant _zBurma _vJuvenile fiction. |
|
| 856 | 4 | 2 |
_3Publisher description _uhttp://www.loc.gov/catdir/enhancements/fy0912/2007013310-d.html |
| 856 | 4 | 2 |
_3Contributor biographical information _uhttp://www.loc.gov/catdir/enhancements/fy1309/2007013310-b.html |
| 906 |
_a7 _bcbc _corignew _d1 _eecip _f20 _gy-gencatlg |
||
| 942 |
_2ddc _cBK _n0 |
||
| 999 |
_c5924 _d5924 |
||